<?xml version="1.0" encoding="UTF-8"?><?xml-stylesheet type="text/xsl" href="static/style.xsl"?><OAI-PMH xmlns="http://www.openarchives.org/OAI/2.0/" xmlns:xsi="http://www.w3.org/2001/XMLSchema-instance" xsi:schemaLocation="http://www.openarchives.org/OAI/2.0/ http://www.openarchives.org/OAI/2.0/OAI-PMH.xsd"><responseDate>2026-04-13T01:43:32Z</responseDate><request verb="GetRecord" identifier="oai:www.recercat.cat:2072/456505" metadataPrefix="marc">https://recercat.cat/oai/request</request><GetRecord><record><header><identifier>oai:recercat.cat:2072/456505</identifier><datestamp>2024-11-18T01:41:05Z</datestamp><setSpec>com_2072_98</setSpec><setSpec>col_2072_378192</setSpec></header><metadata><record xmlns="http://www.loc.gov/MARC21/slim" xmlns:dcterms="http://purl.org/dc/terms/" xmlns:xsi="http://www.w3.org/2001/XMLSchema-instance" xmlns:doc="http://www.lyncode.com/xoai" xsi:schemaLocation="http://www.loc.gov/MARC21/slim http://www.loc.gov/standards/marcxml/schema/MARC21slim.xsd">
   <leader>00925njm 22002777a 4500</leader>
   <datafield ind2=" " ind1=" " tag="042">
      <subfield code="a">dc</subfield>
   </datafield>
   <datafield ind2=" " ind1=" " tag="720">
      <subfield code="a">Casanellas, Pau</subfield>
      <subfield code="e">author</subfield>
   </datafield>
   <datafield ind2=" " ind1=" " tag="260">
      <subfield code="c">2013</subfield>
   </datafield>
   <datafield ind2=" " ind1=" " tag="520">
      <subfield code="a">Desde las ciencias sociales a menudo se ha explicado el surgimiento de la práctica armada otorgando una especial importancia a la «estructura de oportunidades políticas». El presente artículo trata, por el contrario, de analizar el nacimiento y asentamiento de este fenómeno en España durante los últimos años del franquismo prestando atención tanto a la cultura revolucionaria de la que bebían las organizaciones que tomaron las armas como a su dinámica política, contemplada dentro de la dinámica general del antifranquismo y de las corrientes de la izquierda revolucionaria en particular. En este último terreno son también tomadas en cuenta las interacciones de esos núcleos militantes con la política estatal, en especial en su vertiente represiva.</subfield>
   </datafield>
   <datafield ind2=" " ind1=" " tag="520">
      <subfield code="a">Social scientists have often explained the emergence of armed struggle focusing on the «political opportunity structure». Instead of that, this paper tries to analyze the rise and consolidation of armed insurgency in Spain during the last years of Franco regime by considering the revolutionary culture in which the organizations that took arms were framed, as well as its political dynamics, regarded as a part of the general dynamics of anti-Francoism and of revolutionary left in particular. As for these dynamics, the relation of these militant groups with State policy -especially with repression- is also considered.</subfield>
   </datafield>
   <datafield tag="653" ind2=" " ind1=" ">
      <subfield code="a">Lucha armada</subfield>
   </datafield>
   <datafield tag="653" ind2=" " ind1=" ">
      <subfield code="a">Izquierda revolucionaria</subfield>
   </datafield>
   <datafield tag="653" ind2=" " ind1=" ">
      <subfield code="a">Antifranquismo</subfield>
   </datafield>
   <datafield tag="653" ind2=" " ind1=" ">
      <subfield code="a">Culturas políticas</subfield>
   </datafield>
   <datafield tag="653" ind2=" " ind1=" ">
      <subfield code="a">Represión</subfield>
   </datafield>
   <datafield tag="653" ind2=" " ind1=" ">
      <subfield code="a">Armed struggle</subfield>
   </datafield>
   <datafield tag="653" ind2=" " ind1=" ">
      <subfield code="a">Revolutionary left</subfield>
   </datafield>
   <datafield tag="653" ind2=" " ind1=" ">
      <subfield code="a">Anti-Francoism</subfield>
   </datafield>
   <datafield tag="653" ind2=" " ind1=" ">
      <subfield code="a">Political cultures</subfield>
   </datafield>
   <datafield tag="653" ind2=" " ind1=" ">
      <subfield code="a">Repression</subfield>
   </datafield>
   <datafield ind2="0" ind1="0" tag="245">
      <subfield code="a">Hasta el fin. Cultura revolucionaria y practica armada en la crisis del franaquismo</subfield>
   </datafield>
</record></metadata></record></GetRecord></OAI-PMH>